000 00839nam a2200229Ia 4500
003 OSt
005 20220923212325.0
006 a|||||r|||| 00| 0
007 ta
008 220922b |||||||| |||| 00| 0 hin d
024 _a152,254
037 _cTextual
040 _aARTS
_cARTS
_bhin
041 _2hin
_ahin
082 _aNv2, 152K4
100 _aमुकर्जी, राधाकमल
245 0 _aभारतीय कला का विकास* एक सम्यता की उत्पत्ति और प्रसार जगत, शखचर अनु
246 _aBhāratīya kalā kā vikāsa: ek samyatā kī utpatti aur prasār jagata, shakhachar anu0
260 _c1964
942 _hNv2, 152K4
_cTEXL
_2CC
999 _c307903
_d307903